000 01148nam a2200229 a 4500
001 20491
003 CO-ViMGA
008 141112s2004 ck r 000 u spa d
020 _a847903758X
040 _aCO-ViMGA
_bspa
_cCO-ViMGA
082 0 4 _a617.3 M158
100 1 _aCáceres Palou, Enrique
_929614
110 _aSociedad española de cirugía ortopedica ytraumatología
_929615
245 1 0 _aManual SECOT de cirugía ortopedica y traumatología
260 _aMadrid :
_bMedica panAméricana,
_c2003
300 _a948p
505 _aLa ortesis en los peocesos del aparato locomotor 95 - - Osteonecrosis y osteocondrosis 217 - - Distrofias siniviales y tumores articulares 341 - - Miembro superior Malformaciones congenitas del miembro superior 451 - - Fracturas de los metacarpianos y de las falanges de la mano 569 - - Metatarsalgias 684 - - Fracturas de la tibia 811 - - Patología del disco intervertebral 927
590 _aForma de adquisición : Compra fact. 0534 - - Precio : 245000 - - Proveedor : Temas y libros - - Fecha de adquisición : Abril 2006
650 1 4 _aORTOPEDIA
650 1 4 _aTRAUMATOLOGIA
_912878
942 _2ddc
_cBK
999 _c29485
_d29485